| 000 | 01235nam a2200325 a 4500 | ||
|---|---|---|---|
| 001 | 000044204 | ||
| 003 | DO-SdBNP | ||
| 005 | 20230228103202.0 | ||
| 007 | ta | ||
| 008 | 140609s2010 dr bd 000 0 spa d | ||
| 020 | _a9789945131406 | ||
| 040 |
_aDO-SdBNP _bspa _cBNPHU |
||
| 082 | 4 |
_a330.973 _bS474d, 2010 _222 |
|
| 100 | 1 |
_aSención, César Augusto _972206 |
|
| 245 | 1 | 0 |
_aDeclive de la hegemonía de Estados Unidos / _cCésar Augusto Sención ; prólogo Lorena Peña Mendoza. |
| 250 | _a2a. ed. | ||
| 260 |
_aSanto Domingo : _bMediabyte, _c2010. |
||
| 300 |
_a181 p. : _bmapa, diagrama; _c22 cm. |
||
| 500 | _aIncluye datos biográficos del autor en la solapa de la cubierta | ||
| 504 | _aIncluye referencias bibliográficas y notas al pie de las páginas | ||
| 590 | _aInventariado, 2018/VM | ||
| 650 | 4 |
_aLibre comercio _zAmérica _972207 |
|
| 651 | 4 |
_aEstados Unidos _xCondiciones económicas _916082 |
|
| 651 | 4 |
_aEstados Unidos _xPolítica económica _916083 |
|
| 651 | 4 |
_aAmérica _xIntegración económica _972208 |
|
| 700 | 1 |
_aPeña Mendoza, Lorena, _eprólogo _972209 |
|
| 710 | 2 |
_aArea de Libre Comercio de las Américas (Organización) _972210 |
|
| 910 | _aValidado. Control de calidad MFF | ||
| 942 |
_2ddc _cLBS1 |
||
| 999 |
_c43693 _d43693 |
||